|
|
|
|
| LEADER |
00000nam0a2200000 4500 |
| 001 |
331937 |
| 005 |
20231102004415.0 |
| 035 |
|
|
|a (RuTPU)RU\TPU\book\357821
|
| 090 |
|
|
|a 331937
|
| 100 |
|
|
|a 20170511d1977 km y0rusy50 ca
|
| 101 |
0 |
|
|a rus
|
| 102 |
|
|
|a RU
|
| 105 |
|
|
|a a z 001zy
|
| 200 |
1 |
|
|a Технология, организация и экономика подземного транспорта
|f под ред. В. А. Пономаренко
|
| 210 |
|
|
|a Москва
|c Недра
|d 1977
|
| 215 |
|
|
|a 221 с.
|c ил.
|
| 320 |
|
|
|a Библиогр.: с. 213-217
|
| 606 |
1 |
|
|a Транспортные машины подземные
|2 stltpush
|3 (RuTPU)RU\TPU\subj\61342
|9 78538
|
| 610 |
1 |
|
|a подземный транспорт
|
| 610 |
1 |
|
|a технология
|
| 610 |
1 |
|
|a организация
|
| 610 |
1 |
|
|a экономика
|
| 610 |
1 |
|
|a конвейерный транспорт
|
| 610 |
1 |
|
|a рельсовый транспорт
|
| 610 |
1 |
|
|a локомотивный транспорт
|
| 610 |
1 |
|
|a эстафетный транспорт
|
| 610 |
1 |
|
|a монорельсовые дороги
|
| 610 |
1 |
|
|a самоходные вагоны
|
| 610 |
1 |
|
|a пыль
|
| 610 |
1 |
|
|a шахты
|
| 610 |
1 |
|
|a техническое обслуживание
|
| 610 |
1 |
|
|a ремонт
|
| 610 |
1 |
|
|a режим работы
|
| 610 |
1 |
|
|a управление
|
| 610 |
1 |
|
|a экономические показатели
|
| 610 |
1 |
|
|a рациональное применение
|
| 610 |
1 |
|
|a замена
|
| 675 |
|
|
|a 622.61
|v 4
|
| 702 |
|
1 |
|a Пономаренко
|b В. А.
|g Владимир Архипович
|4 340
|
| 801 |
|
1 |
|a RU
|b 63413507
|c 20170511
|
| 801 |
|
2 |
|a RU
|b 63413507
|c 20190621
|g RCR
|
| 942 |
|
|
|c BK
|